| 000 | 00931nam a22002533a 4500 | ||
|---|---|---|---|
| 005 | 20260417064128.0 | ||
| 008 | 010531s1999 mx fr 000 0 spa d | ||
| 020 | _a8478690670 | ||
| 035 | _aUPN01000116986 | ||
| 049 | _aCG | ||
| 050 | 4 |
_aLB1131 _bP7.6 no.17 |
|
| 100 | 1 |
_aYuste Hernanz, Carlos _929510 |
|
| 245 | 1 | 0 |
_aEstrategias de cálculo y problemas númerico-verbales / _cCarlos Yuste Hernanz, José Luis Galve Manzano, Juan Miguel S. Quiros. |
| 260 |
_aMadrid : _bCEPE, _c1999. |
||
| 300 |
_a95 p. : _bil. |
||
| 440 | 0 |
_aProgresint ; _v17 |
|
| 500 | _a"Primaria 4º- 5º- 6º. Nivel 3" | ||
| 500 | _a"Programas para la estimulación de las habilidades de la inteligencia" | ||
| 650 | 4 |
_aCálculo _xEstudio y enseñanza (Elemental) _94514 |
|
| 650 | 4 |
_aCALCULO - _vPROBLEMAS, EJERCICIOS, ETC. _94539 |
|
| 700 | 1 |
_aQuiros, Juan Miguel S., _ecoaut. |
|
| 700 | 1 |
_aGalve Manzano, José Luis _ecoaut. _928876 |
|
| 905 | _aLibro | ||
| 999 |
_c89614 _d89614 |
||